Culture Générale - Clic Quiz - La réponse est en image #9 - Statistiques

Statistiques générales
  • Ce quiz a été pris 614 fois
    191 depuis la dernière actualisation
  • Le résultat moyen est 27 sur 40
Statistiques - réponses
Hint Réponse % Correct
Blanche-Neige
94%
John Fitzgerald Kennedy (par IA)
92%
Pocahontas
92%
Puissance 4
91%
Felix Lebrun (Tennis de Table)
91%
Racine carrée
89%
Infini
89%
Maréchal Pétain (par IA)
87%
Winston Churchill (par IA)
87%
Pi
87%
Alexis Pinturault (Ski Alpin)
86%
Princesse Sarah
85%
Mastermind
84%
Anastasia Romanov
83%
Delta
83%
Benoit Saint-Denis (MMA)
80%
Bianca Castafiore
79%
Jeu de dames
77%
Robert Oppenheimer (par IA)
76%
Tony Yoka (Boxe)
75%
Le Serval
73%
Joseph Goebbels (par IA)
71%
Bataille navale
68%
Le Groupe AC/DC
66%
Le Moqueur polyglotte
65%
Le Groupe Tokio Hotel
61%
Landes
59%
Le Groupe Red Hot Chili Peppers
57%
Le Groupe The Offspring
56%
Pierre-Edouard Bellemare (Hockey sur glace)
55%
Isère
48%
L'aye-aye
47%
Le Groupe Rammstein
45%
Oise
43%
Aube
42%
Othello
39%
La bibitte à patate
35%
Vaucluse
33%
Le barbu de Sumatra
28%
Somme
25%
Aucun quiz correspondant
Distribution des résultats
% des personnes avec chaque résultat
Percentile par nombre de réponses
Votre historique - résultats
Vous n’avez pas pris ce quiz depuis la dernière actualisation